000 00284nam a22001337a 4500
008 170310b xxu||||| |||| 00| 0 alb d
020 _a9950000584
041 _aalb
080 _a616-002.77
100 _a7
101 _aSHM
245 _aREUMATOLOGJIA
_cREXHEPI, S
942 _2udc
_cBK
999 _c7466
_d7466